Science horizons / (Record no. 14652)
[ view plain ]
| 000 -LEADER | |
|---|---|
| fixed length control field | 00660nam a22002172 4500 |
| 001 - CONTROL NUMBER | |
| control field | 0000012568 |
| 005 - DATE AND TIME OF LATEST TRANSACTION | |
| control field | 20151217160126.0 |
| 008 - FIXED-LENGTH DATA ELEMENTS--GENERAL INFORMATION | |
| fixed length control field | 090219s xx 000 0 eng d |
| 020 ## - INTERNATIONAL STANDARD BOOK NUMBER | |
| International Standard Book Number | 0382172590 : |
| 040 ## - CATALOGING SOURCE | |
| Original cataloging agency | KABU |
| Transcribing agency | KABU |
| 245 10 - TITLE STATEMENT | |
| Title | Science horizons / |
| Statement of responsibility, etc. | George G. Mallinson ...[et al.] |
| 250 ## - EDITION STATEMENT | |
| Edition statement | 1st ed. |
| 260 ## - PUBLICATION, DISTRIBUTION, ETC. (IMPRINT) | |
| Place of publication, distribution, etc. | Atlanta, GA : |
| Name of publisher, distributor, etc. | Silver Burdett, |
| Date of publication, distribution, etc. | 1991. |
| 300 ## - PHYSICAL DESCRIPTION | |
| Extent | 571 p. |
| 650 #0 - SUBJECT ADDED ENTRY--TOPICAL TERM | |
| Topical term or geographic name as entry element | Science. |
| -- | 0000153845 |
| 700 1# - ADDED ENTRY--PERSONAL NAME | |
| Personal name | Mallinson, George G. |
| -- | 0000169461 |
| 852 1# - LOCATION | |
| -- | p500 KES |
| 852 1# - LOCATION | |
| -- | p500 KES |
| 908 ## - PUT COMMAND PARAMETER (RLIN) | |
| Put command parameter | 090219 |
| 950 ## - LOCAL HOLDINGS (RLIN) | |
| -- | 1 |
| Withdrawn status | Lost status | Source of classification or shelving scheme | Not for loan | Home library | Current library | Date acquired | Total Checkouts | Full call number | Barcode | Date last seen | Price effective from | Koha item type | Date last checked out |
|---|---|---|---|---|---|---|---|---|---|---|---|---|---|
| Library of Congress Classification | Kabarak, Main Campus | Kabarak, Main Campus | 17/12/2015 | Q162 .S35 1991 c. 1 | 16703 | 17/12/2015 | 17/12/2015 | Children Collection | |||||
| Library of Congress Classification | Kabarak, Main Campus | Kabarak, Main Campus | 17/12/2015 | 1 | Q162 .S35 1991 c. 2 | 16704 | 11/06/2018 | 17/12/2015 | Children Collection | 06/06/2018 |